Roman political thought and the modern theoretical imagination / (Record no. 17726)
[ view plain ]
| 000 -LEADER | |
|---|---|
| fixed length control field | 01378cam a22003014a 4500 |
| 001 - CONTROL NUMBER | |
| control field | 15101736 |
| 005 - DATE AND TIME OF LATEST TRANSACTION | |
| control field | 20171017131118.0 |
| 008 - FIXED-LENGTH DATA ELEMENTS--GENERAL INFORMATION | |
| fixed length control field | 071204t2008 xxu frb s001 0 eng |
| 010 ## - LIBRARY OF CONGRESS CONTROL NUMBER | |
| LC control number | 2007049488 |
| 020 ## - INTERNATIONAL STANDARD BOOK NUMBER | |
| International Standard Book Number | 0806139277 |
| 020 ## - INTERNATIONAL STANDARD BOOK NUMBER | |
| International Standard Book Number | 9780806139272 |
| 050 00 - LIBRARY OF CONGRESS CALL NUMBER | |
| Classification number | JC83 |
| Item number | .H36 2008 |
| 082 00 - DEWEY DECIMAL CLASSIFICATION NUMBER | |
| Classification number | 320.092237 |
| Edition number | 22 |
| Item number | HAM |
| 100 1# - MAIN ENTRY--PERSONAL NAME | |
| Personal name | Hammer, Dean, |
| Dates associated with a name | 1959- |
| 9 (RLIN) | 34350 |
| 245 10 - TITLE STATEMENT | |
| Title | Roman political thought and the modern theoretical imagination / |
| Statement of responsibility, etc | Dean Hammer. |
| 260 ## - PUBLICATION, DISTRIBUTION, ETC. (IMPRINT) | |
| Place of publication, distribution, etc | Norman, United States : |
| Name of publisher, distributor, etc | University of Oklahoma Press, |
| Date of publication, distribution, etc | c.2008. |
| 300 ## - PHYSICAL DESCRIPTION | |
| Extent | xiii, 358 p. ; |
| Dimensions | 23 cm. |
| 490 0# - Series Statement | |
| Series statement | Oklahoma series in classical culture ; |
| Volume/sequential designation | v. 34 |
| 500 ## - GENERAL NOTE | |
| General note | Includes indexes. |
| 504 ## - BIBLIOGRAPHY, ETC. NOTE | |
| Bibliography, etc | bibliographical : p. 283-337. |
| 505 0# - FORMATTED CONTENTS NOTE | |
| Formatted contents note | The Romans in political thought -- Cicero, Arendt, and the cultivation of the political world : reading the Tusculan disputations politically-Livy, Machiavelli, and the recovery of felt meanings-Tacitus, Montesquieu and the malady of despotism-Seneca and Foucault : restoring the jurisdiction of the political. |
| 650 #0 - SUBJECT ADDED ENTRY--TOPICAL TERM | |
| Topical term or geographic name as entry element | Political science |
| Geographic subdivision | Rome |
| General subdivision | History. |
| 9 (RLIN) | 34351 |
| 653 ## - INDEX TERM--UNCONTROLLED | |
| Resource For college | |
| Arrived date list | November2013 |
| -- | December2013 |
| 655 ## - INDEX TERM--GENRE/FORM | |
| Form subdivision | |
| -- | 34232 |
| 650 #0 - SUBJECT ADDED ENTRY--TOPICAL TERM | |
| 9 (RLIN) | 34352 |
| Topical term or geographic name as entry element | Political science |
| Form subdivision | Cross-cultural studies |
| 856 41 - ELECTRONIC LOCATION AND ACCESS | |
| Materials specified | Table of contents only |
| Uniform Resource Identifier | <a href="http://www.loc.gov/catdir/toc/ecip086/2007049488.html">http://www.loc.gov/catdir/toc/ecip086/2007049488.html</a> |
| 942 ## - ADDED ENTRY ELEMENTS (KOHA) | |
| Source of classification or shelving scheme | Dewey Decimal Classification |
| Item type | Book - Borrowing |
| Call number prefix | 320.092237 HAM |
| Withdrawn status | Item status | Source of classification or shelving scheme | Damaged status | Not for loan | Vendor | Home library | Current library | Shelving location | Date acquired | Source of acquisition | Total Checkouts | Total Renewals | Full call number | Barcode | Date last seen | Date last borrowed | Koha item type |
|---|---|---|---|---|---|---|---|---|---|---|---|---|---|---|---|---|---|
| Dewey Decimal Classification | Baccah | Central Library | Central Library | First floor | 02/11/2013 | 5 | 7 | 320.092237 HAM | 000029587 | 15/07/2025 | 23/02/2022 | Book - Borrowing | |||||
| Dewey Decimal Classification | Baccah | Central Library | Central Library | First floor | 03/12/2013 | 3 | 24 | 320.092237 HAM | 000029664 | 15/07/2025 | 04/10/2015 | Book - Borrowing |